People by Images - 'J' - Statistics

General Stats
  • This quiz has been taken 57 times
  • The average score is 8 of 16
Answer Stats
Picture Hint Answer % Correct
Dictator Joseph Stalin
92%
Prime Minister Justin Trudeau
91%
Saint Joan of Arc
89%
Businessman Jeff Bezos
87%
First Lady Jacqueline Kennedy
85%
Novelist Jane Austen
85%
President James Madison
49%
Actress Jane Fonda
49%
President Jair Bolsonaro
34%
Actor James McAvoy
26%
Prime Minister Jacinda Ardern
25%
Novelist J. D. Salinger
23%
Tennis Player Jana Novotna
21%
Businessman J. P. Morgan
21%
Inventor James Watt
19%
Author Jhumpa Lahiri
0%
No matching quizzes found
Score Distribution
Percent of People with Each Score
Percentile by Number Answered
Your Score History
You have not taken this quiz